| 000 | 00419nam a2200157 i 4500 | ||
|---|---|---|---|
| 001 | bg | ||
| 245 | 0 |
_aEinführung in die Werkstoffwissenschaft / _chrsg. von Werner Schatt. |
|
| 250 | _a5., durchges. Aufl. | ||
| 260 |
_aLeipzig, _c1983. |
||
| 700 | 1 |
_aSchatt, Werner. _eOprac. |
|
| 040 | _cBPK | ||
| 041 | _apol | ||
| 080 | _a620.1:539.3/.6:669.01:536.7 | ||
| 942 | _cKS | ||
| 008 | s pl f |000 0 pol | ||
| 999 |
_c28211 _d28211 |
||
| 856 |
_uhttp://koha.tu.koszalin.pl/cgi-bin/koha/opac-detail.pl?biblionumber=28211 _yKatalog online BPK |
||